000
00434nam a22001817a 4500
040
_a
ISFD N° 12
082
_a
820.3
_b
LON
100
_a
London Jack
240
_a
La peste escarlata
245
_a
La peste escarlata
260
_a
Buenos Aires
_b
Rei Argentina
300
_a
93p.
650
_a
narrativa
942
_2
ddc
_c
LIB
999
_c
7003
_d
7003